|
|
|
|
| LEADER |
01278nam a22003017a 4500 |
| 001 |
17059 |
| 003 |
BD-DhAAL |
| 008 |
240417t2004 bg abe b 000 0 eng d |
| 020 |
|
|
|a 9843212805 (hbk.)
|
| 040 |
|
|
|a BD-DhAAL
|c BD-DhAAL
|
| 082 |
|
|
|a 690.22095492
|
| 100 |
|
|
|a Seraj, Salek M.
|9 56265
|
| 245 |
|
|
|a Building safer houses in rural Bangladesh /
|c Salek M. Seraj and K. Iftekhar Ahmed.
|
| 264 |
|
|
|a Dhaka, Bangladesh :
|b Bangladesh University of Engineering and Technology,
|c 2004.
|
| 300 |
|
|
|a ix, 244 pages :
|b illustrations, map, plans ;
|c 26 cm.
|
| 504 |
|
|
|a Includes bibliographical references (pages [236]-244).
|
| 526 |
|
|
|a PPDM
|
| 541 |
|
|
|a PPDM
|e 17059
|
| 650 |
|
|
|a House construction
|z Bangladesh.
|9 1477
|
| 650 |
|
|
|a Dwellings
|z Bangladesh
|x Design and construction.
|9 1478
|
| 650 |
|
|
|a Housing, Rural
|z Bangladesh.
|9 1479
|
| 650 |
|
|
|a Building, Stormproof
|z Bangladesh.
|9 56266
|
| 700 |
|
|
|a Ahmed, K. Iftekhar.
|
| 710 |
|
|
|a Bangladesh University of Engineering and Technology.
|
| 852 |
|
|
|a Ayesha Abed Library
|c General Stacks
|
| 942 |
|
|
|2 ddc
|c BK
|
| 999 |
|
|
|c 46511
|d 46511
|
| 952 |
|
|
|0 0
|1 0
|2 ddc
|4 0
|6 690_220954920000000_SER
|7 0
|9 75321
|a BRACUL
|b BRACUL
|c GEN
|d 2024-04-17
|e PPDM
|l 1
|m 20
|o 690.22095492 SER
|p 3010017059
|q 2026-06-02
|r 2025-10-22
|s 2025-10-22
|t 1
|w 2024-04-17
|y BK
|